AND THEREBY HANGS A TALE (Record no. 2587)
[ view plain ]
| 000 -LEADER | |
|---|---|
| fixed length control field | 00614nam a22001457a 4500 |
| 020 ## - INTERNATIONAL STANDARD BOOK NUMBER | |
| ISBN | 978-0-330-51368-5 |
| 082 ## - DEWEY DECIMAL CLASSIFICATION NUMBER | |
| Classification number | 823 |
| Item number | ARC/A |
| 100 ## - MAIN ENTRY--AUTHOR NAME | |
| Personal name | ARCHER, JEFFREY |
| 245 ## - TITLE STATEMENT | |
| Title | AND THEREBY HANGS A TALE |
| 260 ## - PUBLICATION, DISTRIBUTION, ETC. (IMPRINT) | |
| Place of publication | LONDON |
| Name of publisher | PAN BOOKS |
| Year of publication | 2010 |
| 300 ## - PHYSICAL DESCRIPTION | |
| Number of Pages | 290 |
| 520 ## - SUMMARY, ETC. | |
| Summary, etc | This one is a true-life story, and thus a rather long one. As is somewhat evident from the title, it is about a golfer's surprise entry into the profession followed by his determination to become a member of a particular club. His journey through some 25 years of his life is quite interesting |
| 650 ## - SUBJECT ADDED ENTRY--TOPICAL TERM | |
| Topical Term | NOVEL |
| Geographic subdivision | UNITED KINGDOM |
| 942 ## - ADDED ENTRY ELEMENTS (KOHA) | |
| Koha item type | Books |
| Withdrawn status | Lost status | Collection code | Home library | Current library | Shelving location | Date acquired | Source of acquisition | Full call number | Accession Number | Koha item type |
|---|---|---|---|---|---|---|---|---|---|---|
| Fiction | Main Library | Main Library | SHELF-14A -ALPHABETICAL -A--ENGLISH NOVELS & FICTIONS | 06/08/2011 | purchase | 823 ARC/A | 05571 | Books |